Statistics for Country In 2023 Athletics Performance

Click here to take the quiz!

General Stats

  • This quiz has been taken 12 times
  • The average score is 84 of 192

Answer Stats

#O.P.SF.L.Answer% Correct
11242.27UUnited States
100%
21184.39FFrance
90%
31184.00GGermany
90%
71168.72SSouth Africa
90%
51178.22UUnited Kingdom
90%
61171.39AAustralia
80%
151147.83CCanada
80%
181144.33CChina
80%
171144.89IIndia
80%
41181.89IItaly
80%
111160.94JJapan
80%
161145.56PPoland
80%
101164.33RRussia
80%
91165.17SSpain
80%
81166.72SSweden
80%
381082.78AArgentina
70%
261116.94BBelarus
70%
211130.50BBelgium
70%
131151.67BBrazil
70%
321095.44JJamaica
70%
511045.28LLatvia
70%
141148.17NNetherlands
70%
231123.61NNew Zealand
70%
121158.06NNorway
70%
191133.50PPortugal
70%
87927.89BBosnia and Herzegovina
60%
341085.39CChile
60%
451066.00EEstonia
60%
241121.33FFinland
60%
281113.94HHungary
60%
101907.39IIndonesia
60%
501047.50IIran
60%
431067.61LLithuania
60%
271116.28MMexico
60%
117868.72MMontenegro
60%
401079.61RRomania
60%
571035.78SSerbia
60%
541042.22SSlovakia
60%
411076.89SSlovenia
60%
421074.17SSouth Korea
60%
221127.89SSwitzerland
60%
251118.78TTurkey
60%
81956.78UUganda
60%
111878.94AAlbania
50%
71981.33BBotswana
50%
601031.89BBulgaria
50%
291110.11CColumbia
50%
77958.89CCosta Rica
50%
441067.61CCroatia
50%
311097.33CCuba
50%
201131.29CCzech Republic
50%
135841.06DDemocratic Republic of the Congo
50%
531042.38DDenmark
50%
301107.67GGreece
50%
521042.67IIceland
50%
69988.67IIraq
50%
621025.67KKazakhstan
50%
361084.06KKenya
50%
147816.78NNepal
50%
121865.33NNorth Macedonia
50%
114872.83PParaguay
50%
80958.11PPeru
50%
391081.94QQatar
50%
89937.50RRepublic of the Congo
50%
371083.22SSaudi Arabia
50%
631022.89SSri Lanka
50%
119865.83SSudan
50%
124859.39SSuriname
50%
491051.36UUkraine
50%
95923.50UUruguay
50%
184767.00AAfghanistan
40%
351084.67AAlgeria
40%
127853.83AAntigua and Barbuda
40%
481058.83AAustria
40%
651016.67BBahamas
40%
160799.44BBangladesh
40%
79958.39BBarbados
40%
115870.94BBolivia
40%
182768.83BBrunei
40%
92934.94BBurkina Faso
40%
93933.50CCameroon
40%
591032.89CCyprus
40%
139832.56DDominican Republic
40%
641021.39DDominican Republic
40%
611028.50EEcuador
40%
72980.33EEl Salvador
40%
130850.39EEritrea
40%
106893.67EEthiopia
40%
109889.33GGeorgia
40%
97918.06GGhana
40%
167792.50GGuinea
40%
108891.06GGuyana
40%
331092.39IIreland
40%
561036.11IIsrael
40%
123860.22IIvory Coast
40%
73979.06LLuxembourg
40%
118866.11MMali
40%
94930.61MMalta
40%
189756.88MMauritania
40%
189756.88MMonaco
40%
152811.33MMongolia
40%
471064.83MMorocco
40%
175781.50MMyanmar
40%
77958.89NNamibia
40%
151812.06NNicaragua
40%
170788.56NNiger
40%
551039.11NNigeria
40%
179775.88NNorth Korea
40%
102906.61PPakistan
40%
661011.67PPhilippines
40%
113874.28SSaint Lucia
40%
144822.61SSan Marino
40%
96920.44SSingapore
40%
154806.22SSomalia
40%
129851.00SSouth Sudan
40%
145820.83SSyria
40%
172785.39TTanzania
40%
122861.44TTogo
40%
173785.06TTonga
40%
681004.39TTrinidad and Tobago
40%
74978.11TTunisia
40%
155802.56TTurkmenistan
40%
133842.94UUnited Arab Emirates
40%
86947.44UUzbekistan
40%
671008.61VVenezuela
40%
156801.83AAngola
30%
137837.00AArmenia
30%
126858.17AAzerbaijan
30%
169790.22BBelize
30%
140828.83BBenin
30%
146820.28CCambodia
30%
165795.06CCape Verde
30%
177777.78CCentral African Republic
30%
163796.39CChad
30%
107892.50CComoros
30%
178776.56EEast Timor
30%
461065.28EEgypt
30%
164796.17EEswatini
30%
187759.33FFederated States of Micronesia
30%
116868.94FFiji
30%
98916.11GGuatemala
30%
104895.94HHaiti
30%
132846.00HHonduras
30%
131848.67JJordan
30%
82955.72KKuwait
30%
134841.72KKyrgyzstan
30%
148816.00LLaos
30%
103903.44LLebanon
30%
143825.11LLiberia
30%
180771.67LLibya
30%
176778.33LLiechtenstein
30%
153808.22MMadagascar
30%
161796.94MMalawi
30%
70986.50MMalaysia
30%
157801.78MMaldives
30%
189756.88MMarshall Islands
30%
84951.11MMauritius
30%
85948.22MMoldova
30%
136838.00MMozambique
30%
181771.11NNauru
30%
189756.88PPalau
30%
90937.44PPanama
30%
110882.00PPapua New Guinea
30%
162796.72RRwanda
30%
128852.28SSaint Kitts and Nevis
30%
112874.94SSaint Vincent and the Grenadines
30%
138835.67SSamoa
30%
158801.22SSão Tomé and Príncipe
30%
88937.61SSenegal
30%
159800.89SSierra Leone
30%
171787.00SSolomon Islands
30%
141827.61TTajikistan
30%
91935.11VVietnam
30%
149815.22YYemen
30%
99915.83ZZambia
30%
76965.33ZZimbabwe
30%
105894.00AAndorra
20%
75972.72BBahrain
20%
186759.83BBhutan
20%
120865.72BBurundi
20%
125858.61DDjibouti
20%
150813.67GGabon
20%
83953.00GGrenada
20%
168792.44GGuinea-Bissau
20%
185760.94KKiribati
20%
166795.00LLesotho
20%
100911.72OOman
20%
142825.61SSeychelles
20%
581034.78TThailand
20%
188757.56TTuvalu
20%
174784.00VVanuatu
20%
183767.11EEquatorial Guinea
10%

Score Distribution

Percentile by Number Answered

Percent of People with Each Score

Your Score History

You have not taken this quiz